Statistiques concernant Moscou - Culture générale

Cliquez ici pour prendre le quiz!

Statistiques générales

  • Ce quiz a été pris 67 fois
  • Le résultat moyen est 8 sur 15

Statistiques - réponses

Information Réponse % Correct
Ballet de Tchaïkovski né dans ce théâtreLe Lac des {Cygnes}
98%
Célèbre place "colorée" où se situe le susmentionéPlace {rouge}
97%
Dirigeant embaumé et exposé dans un mausolée sur cette placeLénine
97%
Bâtiment et centre politique de toutes les RussieKremlin
90%
Prestigieux théâtre, emblème de MoscouBolchoï
79%
Cathédrale la plus célèbreSaint-{Basile}-le-Bienheureux
63%
Pays étranger le plus proche de MoscouBiélorussie
63%
Politique adoptée par les moscovites quand celui-ci arrivaTerre-{Brûlée}
61%
Général qui envahit la ville en 1812Napoléon
60%
Auteur moscovite ayant écrit "Crime et Châtiment"Fiodor Dostoïevski
52%
Peintre souvent considéré comme fondateur de l'abstraitVassili Kandinsky
24%
État fondateur de la villeRus' de {Kiev}
21%
Cocktail à base de vodka et de gingembreMoscow {Mule}
18%
Rivière principaleMoskova
18%
Célèbre rue de Moscou, la plus chèreRue Tverskaïa
6%

Distribution des résultats

Percentile par nombre de réponses

% des personnes avec chaque résultat

Votre développement - résultats

Vous n’avez pas pris ce quiz